Propuesta de mejora de la calidad del servicio interno del área de recepción de materia prima de la empresa NICAFISH S.A

Presenta una propuesta de mejora de calidad del servicio interno que actualmente brinda el área de recepción de materia prima de la empresa inversiones Nicafish. Muestra un diagnóstico de la situación actual dentro del área de recepción de materia prima que llega a la empresa, se evalúan los...

Full description

Bibliographic Details
Main Authors: Alemán Ortiz, Jessica Patricia, Padilla Martínez, Ricardo Enrique
Other Authors: Tutor: Siles Huerta, José Manuel
Format: Tesis Section = Libro
Language:Undetermined
Spanish
Published: Managua UNI 2010
Subjects:
LEADER 01261nam a2200241Ia 4500
008 240830s9999 xx 000 0 und d
040 |a BIBLIOTECA-RUPAP T.Mon 664.94 A367 
041 |a spa 
082 |a T.Mon 664.94 A367 
100 1 |a Alemán Ortiz, Jessica Patricia 
100 1 |b Padilla Martínez, Ricardo Enrique 
245 1 0 |a Propuesta de mejora de la calidad del servicio interno del área de recepción de materia prima de la empresa NICAFISH S.A 
260 |a Managua  |b UNI  |c 2010 
300 |a 67 p. :il. 
500 |a Contiene: anexos e Incluye: CD. 
502 |a Tesis (Ingeniero de Sistemas)- UNI, 2010. 
520 3 |a Presenta una propuesta de mejora de calidad del servicio interno que actualmente brinda el área de recepción de materia prima de la empresa inversiones Nicafish. Muestra un diagnóstico de la situación actual dentro del área de recepción de materia prima que llega a la empresa, se evalúan los procesos que llevan a cabo actualmente para recepcionar el producto, a fin de determinar los puntos críticos dentro del área. 
650 7 |a MARISCOS - TECNOLOGÍA DE LOS ALIEMENTOS 
650 7 |b MARISCOS - COMERCIO 
700 1 |a Tutor:  |b Siles Huerta, José Manuel 
942 |c BK  |2 ddc 
991 |a TESIS 
999 |c 18789